Candle in the Wind Lyrics - Statistics

General Stats
  • This quiz has been taken 136 times
  • The average score is 18 of 28
Answer Stats
Answer % Correct
Like a {candle} in the wind
94%
And it seems to me you lived your {life}
92%
Goodbye {Norma} Jean
86%
Goodbye {Norma} Jean
86%
Your candle {burned} out long before
83%
Though I {never} knew you at all
82%
And I would have {liked} to know you
79%
When the {rain} set in
79%
Your {legend} ever did
79%
More than just our Marilyn {Monroe}
74%
But I was just a {kid}
73%
And they made you {change} your name
70%
They crawled out of the {woodwork}
63%
All the papers had to {say}
62%
Even when you {died}
62%
Oh the {press} still hounded you
59%
Was that {Marilyn} was found in the nude
58%
You had the {grace} to hold yourself
56%
From the young man in the {22}nd row
53%
Never knowing who to {cling} to
51%
{Hollywood} created a superstar
50%
The toughest {role} you ever played
50%
While those around you {crawled}
44%
They set you on the {treadmill}
43%
Who sees you as something more than {sexual}
41%
And they {whispered} into your brain
36%
{Loneliness} was tough
34%
And {pain} was the price you paid
31%
No matching quizzes found
Score Distribution
Percent of People with Each Score
Percentile by Number Answered
Your Score History
You have not taken this quiz